书目信息 |
| 题名: |
圆
|
|
| 作者: | 赵遂之 著 | |
| 分册: | ||
| 出版信息: | 南京 江苏人民出版社 1980 |
|
| 页数: | 252页 | |
| 开本: | 19cm | |
| 丛书名: | 数学基础知识丛书 | |
| 单 册: | ||
| 中图分类: | O123.3 | |
| 科图分类: | ||
| 主题词: | 圆 , 初等几何 | |
| 电子资源: | ||
| ISBN: | ||
| 000 | 00651nam0 2200265 45 | |
| 001 | 0180005086 | |
| 005 | 20060818100223.09 | |
| 010 | @dCNY0.57 | |
| 091 | @a13100.043 | |
| 100 | @a19950623d1980 demy0chiy0121 ea | |
| 101 | 0 | @achi |
| 102 | @aCN@b320000 | |
| 105 | @ay z 000yy | |
| 200 | 10 | @a圆@Ayuan@f赵遂之著 |
| 210 | @a南京@c江苏人民出版社@d1980 | |
| 215 | @a252页@d19cm | |
| 225 | @a数学基础知识丛书 | |
| 410 | @12001 @a数学基础知识丛书 | |
| 606 | @a圆 | |
| 606 | @a初等几何 | |
| 690 | @aO123.3@v3 | |
| 701 | 0 | @a赵遂之@Azhao sui zhi@4著 |
| 801 | 0 | @aCN@b上海图书馆@c20060818 |
| 801 | 2 | @aCN@bNLC@c20060725 |
| 905 | @dO123.3@e52 | |
| 圆/赵遂之著.-南京:江苏人民出版社,1980 |
| 252页;19cm.-(数学基础知识丛书) |
| ISBN :CNY0.57 |
| ● |
| 相关链接 |
|
|
|
|
正题名:圆
索取号:O123.3/52
 
预约/预借
| 序号 | 登录号 | 条形码 | 馆藏地/架位号 | 状态 | 备注 |
| 1 | 0032183 | 001242890 | 密集书库/ [索取号:O123.3/52] | 在馆 | |
| 2 | 0032184 | 001242916 | 第三借阅区/ [索取号:O123.3/52] | 在馆 | |
| 3 | 0032185 | 001941581 | 密集书库/ [索取号:O123.3/52] | 在馆 | |
| 4 | 0032186 | 001242925 | 第二样本阅览室/ [索取号:O123.3/52] | 在馆 | |
| 5 | 0032187 | 001242907 | 密集书库/ [索取号:O123.3/52] | 在馆 | |
| 6 | 0431179 | 204311798 | 密集书库/ [索取号:O123.3/52] | 在馆 | |
| 7 | 0431180 | 204311805 | 密集书库/ [索取号:O123.3/52] | 在馆 | |
| 8 | 0468624 | 204686241 | 密集书库/ [索取号:O123.3/52] | 在馆 |